|
|
|
|
| LEADER |
02032nam a2200541 i 4500 |
| 001 |
nkc20162771040 |
| 003 |
CZ PrNK |
| 005 |
20160212071547.0 |
| 007 |
ta |
| 008 |
160122s2015 xr abcee 000 0 cze |
| 015 |
|
|
|a cnb002771040
|
| 020 |
|
|
|a 978-80-87277-08-9
|q (brožováno) :
|c Kč 90,00
|
| 035 |
|
|
|a (OCoLC)944218880
|
| 040 |
|
|
|a ABA001
|b cze
|e rda
|
| 043 |
|
|
|a e-xr---
|b e-xr-jc
|2 czenas
|
| 045 |
|
|
|a q-y-
|
| 072 |
|
7 |
|a 663
|x Průmysl nápojů. Kvasný průmysl. Průmysl pochutin
|2 Konspekt
|9 19
|
| 080 |
|
|
|a 663.4:005.71
|2 MRF
|
| 080 |
|
|
|a 640.43
|2 MRF
|
| 080 |
|
|
|a 94(437.319)
|2 MRF
|
| 080 |
|
|
|a (084.11)
|2 MRF
|
| 100 |
1 |
|
|a Binder, Milan,
|d 1964-
|7 mzk2005300821
|4 aut
|
| 245 |
1 |
0 |
|a České Budějovice :
|b město piva a hostinců : 750 let města Českých Budějovic /
|c Milan Binder, Ivo Hajn
|
| 246 |
3 |
|
|a České Budějovice - město piva a hostinců
|
| 246 |
3 |
0 |
|a Město piva a hostinců
|
| 250 |
|
|
|a 1. vydání
|
| 264 |
|
1 |
|a České Budějovice :
|b Milan Binder,
|c 2015
|
| 300 |
|
|
|a 51 stran :
|b ilustrace (převážně barevné), 1 mapa, portréty, plány, faksimile ;
|c 30 cm
|
| 336 |
|
|
|a text
|b txt
|2 rdacontent
|
| 337 |
|
|
|a bez média
|b n
|2 rdamedia
|
| 338 |
|
|
|a svazek
|b nc
|2 rdacarrier
|
| 500 |
|
|
|a 2000 výtisků
|
| 648 |
|
4 |
|a 1265-2015
|
| 648 |
|
7 |
|a 13.-21. století
|7 ch757063
|2 czenas
|
| 650 |
0 |
7 |
|a pivovary
|7 ph115732
|z Česko
|2 czenas
|
| 650 |
0 |
7 |
|a hostince
|7 ph120831
|z Česko
|2 czenas
|
| 650 |
0 |
9 |
|a breweries
|z Czechia
|2 eczenas
|
| 650 |
0 |
9 |
|a pubs
|z Czechia
|2 eczenas
|
| 651 |
|
7 |
|a České Budějovice (Česko)
|7 ge131699
|x dějiny
|y 13.-21. století
|2 czenas
|
| 651 |
|
9 |
|a České Budějovice (Czechia)
|x history
|y 13th-21st centuries
|2 eczenas
|
| 655 |
|
7 |
|a obrazové publikace
|7 fd132947
|2 czenas
|
| 655 |
|
9 |
|a pictorial works
|2 eczenas
|
| 700 |
1 |
|
|a Hajn, Ivo,
|d 1964-
|7 xx0006438
|4 aut
|
| 910 |
2 |
|
|a BOA001
|b 4-1361.554
|
| 990 |
|
|
|a BK
|
| 995 |
|
|
|a 01
|
| 991 |
|
|
|b 201602
|c NOV
|
| 996 |
6 |
|
|b 2610658669
|c 4-1361.554
|l MZK
|r Sklad / do 1 hodiny
|n 0
|p p.v.
|w 001542747
|u 000010
|a 1
|e BOA001
|j MZK50
|s P
|